Psychological factors of peace and war / (Record no. 29572)
[ view plain ]
| 000 -LEADER | |
|---|---|
| fixed length control field | 00861nam a2200265 a 4500 |
| 001 - CONTROL NUMBER | |
| control field | 29572 |
| 003 - CONTROL NUMBER IDENTIFIER | |
| rucl marc code | BD-RjUL |
| 005 - DATE AND TIME OF LATEST TRANSACTION | |
| control field | 20211209051429.0 |
| 008 - FIXED-LENGTH DATA ELEMENTS--GENERAL INFORMATION | |
| fixed length control field | 140403s1950 enk b 001 0 eng |
| 035 ## - SYSTEM CONTROL NUMBER | |
| System control number | (BD-RjUL)29657 |
| 040 ## - CATALOGING SOURCE | |
| Original cataloging agency | DLC |
| Transcribing agency | IAR |
| Language of cataloging | eng |
| Modifying agency | BD-RjUL |
| 041 ## - LANGUAGE CODE | |
| Language code of text/sound track or separate title | eng |
| 082 00 - DEWEY DECIMAL CLASSIFICATION NUMBER | |
| Classification number | 172.4 |
| Author mark and year | PSY 1950 |
| 245 00 - TITLE STATEMENT | |
| Title | Psychological factors of peace and war / |
| Statement of responsibility, etc. | edited by T.H. Pear ; contributions by G.W. Allport ... [et al.] |
| 260 ## - PUBLICATION, DISTRIBUTION, ETC. (IMPRINT) | |
| Place of publication, distribution, etc. | London : |
| Name of publisher, distributor, etc. | Published on behalf of the United Nations Association of Great Britain and Northern Ireland [by] Hutchinson, |
| Date of publication, distribution, etc. | 1950. |
| 300 ## - PHYSICAL DESCRIPTION | |
| Pagination | 262 p. ; |
| Size | 22 cm. |
| 504 ## - BIBLIOGRAPHY, ETC. NOTE | |
| Bibliography, etc | Bibliography: p. 256. - |
| Bibliography, etc | Includes indexes. |
| 650 #0 - SUBJECT ADDED ENTRY--TOPICAL TERM | |
| Topical term or geographic name as entry element | Peace. |
| 9 (RLIN) | 90123 |
| Topical term or geographic name as entry element | War. |
| 9 (RLIN) | 90124 |
| Topical term or geographic name as entry element | Social psychology. |
| 9 (RLIN) | 90125 |
| 700 1# - ADDED ENTRY--PERSONAL NAME | |
| Personal name | Pear, Tom Hatherley. |
| 942 ## - ADDED ENTRY ELEMENTS (KOHA) | |
| Source of classification or shelving scheme | Dewey Decimal Classification |
| Koha item type | Books |
| Lost status | Source of classification or shelving scheme | Damaged status | Not for loan | Collection code | Permanent Location | Current Location | Shelving location | Date acquired | Source of acquisition | Cost, normal purchase price | Total Checkouts | Full call number | Date last seen | Copy number | Koha item type |
|---|---|---|---|---|---|---|---|---|---|---|---|---|---|---|---|
| Dewey Decimal Classification | Added to bundle | Non-fiction | Central Library, University of Rajshahi | Central Library, University of Rajshahi | 06/03/1986 | B. H. Blackwell | 0.11 | 172.4 PSY 1950 | 03/04/2014 | C-1 | Books |